Central Library OPAC University of Rajshahi

Modeling and forecasting selected indicators of Dhaka stock exchange / (Record no. 81650)

MARC details
000 -LEADER
fixed length control field 00911nam a22002417a 4500
001 - CONTROL NUMBER
RUCL Control Number 81650
003 - CONTROL NUMBER IDENTIFIER
rucl marc code BD-RjUL
005 - DATE AND TIME OF LATEST TRANSACTION
control field 20230807170130.0
008 - FIXED-LENGTH DATA ELEMENTS--GENERAL INFORMATION
fixed length control field 230807s2020 bg a|||| m||| 00| 0 eng d
035 ## - SYSTEM CONTROL NUMBER
system control number (BD-RjUL)81650
040 ## - CATALOGING SOURCE
Original cataloging agency BD-RjUL
Language of cataloging eng
Transcribing agency BD-RjUL
Modifying agency BD-RjUL
041 ## - LANGUAGE CODE
Language code of Book eng
082 ## - DEWEY DECIMAL CLASSIFICATION NUMBER
DDC Edition number 23
Classification number 332.642
Author mark and Year HOM 2020
100 ## - MAIN ENTRY--PERSONAL NAME
Personal name Hossain, Ahammad.
9 (RLIN) 8242
245 10 - TITLE STATEMENT
Title Modeling and forecasting selected indicators of Dhaka stock exchange /
Statement of responsibility, etc Researcher Ahammad. Hossain ;
Name of Supervisor/Co-Supervisor Supervisor : Md. Ayub Ali,
260 ## - PUBLICATION, DISTRIBUTION, ETC. (IMPRINT)
Place of publication, distribution, etc Rajshahi :
Name of publisher, distributor, etc Institute of Bangladesh Studies, University of Rajshahi,
Date of publication, distribution, etc 2020
300 ## - PHYSICAL DESCRIPTION
Pagination xxvii, 173 leaves :
Other physical details ill, ;
Dimensions 29.cm.
502 ## - DISSERTATION NOTE
Dissertation note Thesis (Ph. D.) -- Institute of Bangladesh Studies, University of Rajshahi, 2020
504 ## - BIBLIOGRAPHY, ETC. NOTE
Bibliography, etc Bibliography : 139 -150
650 ## - SUBJECT ADDED ENTRY--TOPICAL TERM
Topical term or geographic name as entry element Stock exchange
General subdivision Financial economics
9 (RLIN) 8243
700 ## - ADDED ENTRY--SUPERVISOR/CO-SUPERVISOR NAME
Personal name Ali, Md. Ayub, Supervisor
9 (RLIN) 1280
942 ## - ADDED ENTRY ELEMENTS (KOHA)
Source of classification or shelving scheme Dewey Decimal Classification
Koha item type Theses
Holdings
Source of classification or shelving scheme Damaged status Not for loan Collection code Permanent Location Current Location Shelving location Date of accession Source of acquisition Full call number Barcode Date last seen Copy number Thesis
Dewey Decimal Classification   Not For Loan Theses Central Library, University of Rajshahi Central Library, University of Rajshahi Documentation Section   Controller of Exam. R.U THE 332.642 HOM 2020 D4708 07/08/2023 C-1 Theses